| 000 | 00755nam a2200217 i 4500 | ||
|---|---|---|---|
| 001 | 59076 | ||
| 003 | ES-MaACL | ||
| 005 | 20250804062531.0 | ||
| 007 | t| | ||
| 008 | 031027s1975 sp ||||1| spa d | ||
| 100 | 1 |
_aEibl-Eibesfeldt, Irenèaus. _9126920 |
|
| 245 | 1 | 4 |
_aLas islas Galápagos _b: un arca de Noé en el Pacífico / _cIrenèaus Eibl-Eibesfeldt ; [traductor: Mª José Sobejano ; revisión de Julio Alvarez Sánchez]. |
| 260 |
_aMadrid : _bAlianza, _c[1975] |
||
| 300 |
_a253 p. : _bil. ; _c18 cm. |
||
| 490 | 1 | _aEl libro de bolsillo | |
| 700 | 1 |
_aSobejano, María J. _9106980 |
|
| 700 | 1 |
_aAlvarez Sánchez, Julio. _920961 |
|
| 830 | 0 | 3 |
_aEl libro de bolsillo _9177802 |
| 852 |
_aES-MaACL _jL-3232 _bR.104169 |
||
| 999 |
_c59076 _d59076 |
||